000 00338 a2200157 4500
001 13608
020 _a9788575039694
040 _cAnchieta - Aquarius
100 _aRai
240 1 0 _aTurma do infinito:
_lpor
245 1 0 _aTurma do infinito:
300 _a56p,
362 0 _a2011
650 4 _aLiteratura infanto-juvenil
942 _cBK
999 _c13608
_d13608